01012na a2200277 450000100060000000300080000600500170001400800410003103500100007204000250008204100080010708200250011510000520014024500440019226000220023630000310025844000630028950000510035250000480040360000720045161000500052365100590057365100520063274000270068483000230071119786MIRAKIL20210407150924.0161227b tu 000 0  a19786 aMilasbturcTR-AnCHP atur aCHP 324.6bK44n 2010 aKılıçdaroğlu, KemalcCHP Genel Başkanı aNeden hayır?cKemal Kılıçdaroğlu aAnkarabCHPc2010 a20 s.brnkl. fotg.c20 sm. aCumhuriyet Halk Partisi yayınlarıpSeçim propagandası aArka kapakta adı : AKP'y hayır! Oyum hayır! aAra kapakta adı : Oyunuz hayırlı olsun! aKılıçdaroğlu, Kemalxİktidar eleştirisiyReferandum, 2010 aCHPxİktidar eleştirisiyReferandum, 2010 aTürkiyexAnayasa değişikliğiyReferandum, 2010 aTürkiyexSeçim sistemlerizReferandum, 2010 aOyunuz hayırlı olsun aCHP broşürleri